Das preußische Gymnasium in Staat und Gesellschaft (Titelsatznr. 27328)
[ MARC ]
| 000 -Satzkennung | |
|---|---|
| Kontrollfeld mit fester Länge | 00822nam a22002051cc4500 |
| 001 - Kontrollnummer | |
| Kontrollfeld | a987689405+Band2 |
| 035 ## - Systemkontrollnummer | |
| System-Kontrollnummer | a987689405 |
| 008 - Feld mit fester Länge zur physischen Beschreibung - Allgemeine Angaben | |
| Kontrollfeld mit fester Länge | 180516s1996 gw |||| 000u ger d |
| 020 ## - Internationale Standardbuchnummer | |
| Internationale Standardbuchnummer | 3608917942 |
| Verknüpfung | 3-608-91794-2 |
| 041 ## - Sprachcode | |
| Sprachcode des Textes/der Tonspur oder des separaten Titels | ger |
| 040 ## - Katalogisierungsquelle | |
| Übertragungsstelle | RU-10907106 |
| 003 - Kontrollnummer Identifier | |
| Kontrollfeld | RU-10907106 |
| 100 1# - Haupteintragung - Personenname | |
| Personenname | Jeismann, Karl-Ernst |
| Koha-Normdatenidentnummer | 16937 |
| 245 04 - Titel | |
| Titel | Das preußische Gymnasium in Staat und Gesellschaft |
| Verfasserangabe etc. | Karl-Ernst Jeismann |
| Zählung des Teils/der Abteilung eines Werkes | Band 2 |
| Titel eines Teils/einer Abteilung eines Werkes | Höhere Bildung zwischen Reform und Reaktion 1817 - 1859 / |
| 264 ## - Produktion, Veröffentlichung, Distribution, Herstellung und Urheberrechtsvermerk | |
| Herstellungs-, Veröffentlichungs- Vertriebs-, Erzeugungsort | Stuttgart : |
| Produzent, Herausgeber, Distributor, Hersteller | Klett, |
| Datum der Herstellung, der Veröffentlichung, des Vertriebs oder des Urheberschutzvermerks | 1996 |
| 246 12 - Titelvarianten | |
| Hauptsachtitel/Kurztitel | Das preußische Gymnasium in Staat und Gesellschaft : die Entstehung des Gymnasiums als Schule des Staates und der Gebildeten, 1787 - 1817. Höhere Bildung zwischen Reform und Reaktion 1817 - 1859 |
| Zählung des Teils/der Abteilung eines Werkes | Band 2 |
| 300 ## - Physische Beschreibung | |
| Umfang | 797 Seiten |
| 773 08 - Übergeordnete Einheit | |
| Datensatzkontrollnummer | a987689405 |
| Zählung und erste Seite | Band2 |
| 942 ## - Zusätzliche Felder (Koha) | |
| Koha-Medientyp | Monographien |
| Ausgeschieden | Verloren | Klassifikation oder Aufstellungssystematik | Beschädigt | Nicht entleihbar | Heimatbibliothek | Aufenthaltsbibliothek | Aufstellungsort | Erwerbungsdatum | Inventarnummer | Signatur | Barcode | Letzte Aktivität | Preis gültig von | Koha-Medientyp |
|---|---|---|---|---|---|---|---|---|---|---|---|---|---|---|
| Andere/Generische Klassifikation | MWN Osteuropa | MWN Osteuropa | Lesesaal - 1 | 16/05/2018 | 18-00887 Ersatzß | D 40 t Jei 1 (2) | E0040150790EB1E3 | 23/02/2021 | 22/03/2021 | Monographien |